| 000 | 00971cam a22002774a 4500 | ||
|---|---|---|---|
| 001 | 4036478 | ||
| 003 | OSt | ||
| 005 | 20140310182217.0 | ||
| 008 | 981119s2000 mnua b b 000 0 eng | ||
| 010 | _a 98053000 | ||
| 020 | _a0439273080 | ||
| 040 |
_aDLC _cDLC _dDLC |
||
| 042 |
_apcc _alcac |
||
| 050 | 0 | 0 |
_aPZ 7 _b.P855 2000 |
| 082 | 0 | 0 |
_aKF _bP84 2000 |
| 100 | 1 |
_aPosada, Mia. _917112 |
|
| 245 | 1 | 0 |
_aDandelions : _bstars in the grass / _cMia Posada. |
| 260 |
_aNew York : _bScholastic, _cc2000. |
||
| 300 |
_bcol. ill. ; _c24 cm. |
||
| 650 | 0 |
_aCommon dandelion _xJuvenile literature. _917113 |
|
| 650 | 1 |
_aDandelions. _917114 |
|
| 906 |
_a7 _bcbc _corignew _d1 _eocip _f19 _gy-gencatlg |
||
| 942 |
_2lcc _cBK-KF |
||
| 999 |
_c10619 _d10619 |
||